An introduction to the physics of mass, length, and time / (Record no. 8623)
[ view plain ]
| 000 -LEADER | |
|---|---|
| fixed length control field | 00973nam a22002891 4500 |
| 001 - CONTROL NUMBER | |
| control field | 8623 |
| 003 - CONTROL NUMBER IDENTIFIER | |
| rucl marc code | BD-RjUL |
| 005 - DATE AND TIME OF LATEST TRANSACTION | |
| control field | 20211208234624.0 |
| 008 - FIXED-LENGTH DATA ELEMENTS--GENERAL INFORMATION | |
| fixed length control field | 140119t1959 e a 001 0 eng |
| 035 ## - SYSTEM CONTROL NUMBER | |
| System control number | (BD-RjUL)8668 |
| 040 ## - CATALOGING SOURCE | |
| Original cataloging agency | DLC/ICU |
| Transcribing agency | ICU |
| Modifying agency | DLC |
| -- | BD-RjUL |
| Language of cataloging | eng |
| 041 ## - LANGUAGE CODE | |
| Language code of text/sound track or separate title | eng |
| 082 00 - DEWEY DECIMAL CLASSIFICATION NUMBER | |
| Classification number | 530.8 |
| Edition number | 16 |
| Author mark and year | FEI 1959 |
| 100 1# - MAIN ENTRY--PERSONAL NAME | |
| Personal name | Feather, N. |
| Fuller form of name | (Norman) |
| 9 (RLIN) | 26850 |
| 245 13 - TITLE STATEMENT | |
| Title | An introduction to the physics of mass, length, and time / |
| Statement of responsibility, etc. | Norman Feather Frs. |
| 260 ## - PUBLICATION, DISTRIBUTION, ETC. (IMPRINT) | |
| Place of publication, distribution, etc. | Edinburgh : |
| Name of publisher, distributor, etc. | University Press, |
| Date of publication, distribution, etc. | c1959. |
| 300 ## - PHYSICAL DESCRIPTION | |
| Pagination | ix, 358 p. : |
| Illustrations | ill. ; |
| Size | 22 cm. |
| 490 1# - SERIES STATEMENT | |
| Series statement | Edinburgh University publications; science and mathematics texts, |
| Volume/sequential designation | 1 |
| 500 ## - GENERAL NOTE | |
| General note | Sequel: An introduction to the physics of vibrations and waves. |
| 504 ## - BIBLIOGRAPHY, ETC. NOTE | |
| Bibliography, etc | Includes index. |
| 650 #0 - SUBJECT ADDED ENTRY--TOPICAL TERM | |
| Topical term or geographic name as entry element | Physical measurements. |
| 9 (RLIN) | 36 |
| 830 #0 - SERIES ADDED ENTRY--UNIFORM TITLE | |
| Volume number/sequential designation | 1. |
| Uniform title | Edinburgh University publications. |
| 942 ## - ADDED ENTRY ELEMENTS (KOHA) | |
| Source of classification or shelving scheme | Dewey Decimal Classification |
| Koha item type | Books |
| Lost status | Source of classification or shelving scheme | Damaged status | Not for loan | Collection code | Permanent Location | Current Location | Shelving location | Date acquired | Source of acquisition | Cost, normal purchase price | Total Checkouts | Full call number | Date last seen | Copy number | Koha item type |
|---|---|---|---|---|---|---|---|---|---|---|---|---|---|---|---|
| Dewey Decimal Classification | Non-fiction | Central Library, University of Rajshahi | Central Library, University of Rajshahi | 10/02/1970 | Zeitlinger | 45.00 | 530.8 FEI 1959 | 19/01/2014 | C-2 | Books | |||||
| Dewey Decimal Classification | Not For Loan | Non-fiction | Central Library, University of Rajshahi | Central Library, University of Rajshahi | Reading Room | 14/01/1970 | Zeitlinger | 45.00 | 530.8 FEI 1959 | 07/05/2017 | C-1 | Books |